রামেসিসঃ (Record no. 11980)
[ view plain ]
| 000 -LEADER | |
|---|---|
| fixed length control field | 00863nam a2200241 a 4500 |
| 001 - CONTROL NUMBER | |
| JCCL Control Number | 11980 |
| 003 - CONTROL NUMBER IDENTIFIER | |
| JCCL marc code | BD-JhCC |
| 005 - DATE AND TIME OF LATEST TRANSACTION | |
| control field | 20210301114849.0 |
| 008 - FIXED-LENGTH DATA ELEMENTS--GENERAL INFORMATION | |
| fixed length control field | 201128t2016 bg |||| ||a| 001 0 ben d |
| 020 ## - INTERNATIONAL STANDARD BOOK NUMBER | |
| International Standard Book Number | 9789849191872 |
| 035 ## - SYSTEM CONTROL NUMBER | |
| system control number | (BD-JhCC) 11980 |
| 040 ## - CATALOGING SOURCE | |
| Original cataloging agency | BD-JhCC |
| Modifying agency | BD-JhCC |
| 041 ## - LANGUAGE CODE | |
| Language code of Book | bengali |
| 082 ## - DEWEY DECIMAL CLASSIFICATION NUMBER | |
| Classification number | 813 |
| Author mark and Year | JAC 2016 |
| 100 ## - MAIN ENTRY--PERSONAL NAME | |
| Personal name | জাক, ক্রিশ্চিয়ান |
| 245 ## - TITLE STATEMENT | |
| Title | রামেসিসঃ |
| Remainder of title | সান অফ লাইট / |
| Statement of responsibility, etc | ক্রিশ্চিয়ান জাক, অনুঃ মোঃ ফুয়াদ আল ফিদাহ । |
| 260 ## - PUBLICATION, DISTRIBUTION, ETC. (IMPRINT) | |
| Place of publication, distribution, etc | ঢাকাঃ |
| Name of publisher, distributor, etc | আদি; |
| Date of publication, distribution, etc | ২০১৬. |
| 300 ## - PHYSICAL DESCRIPTION | |
| Pagination | ২৯৪ পৃ. : |
| Other physical details | চত্রিত ; |
| Dimensions | ২২ সেমি. |
| 650 ## - SUBJECT ADDED ENTRY--TOPICAL TERM | |
| Topical term or geographic name as entry element | Civilization |
| Form subdivision | Bangladesh |
| 700 ## - ADDED ENTRY--PERSONAL NAME | |
| Personal name | ফিদাহ,ফুয়াদ আল |
| 942 ## - ADDED ENTRY ELEMENTS (KOHA) | |
| Source of classification or shelving scheme | Dewey Decimal Classification |
| Koha item type | Books |
| Source of classification or shelving scheme | Damaged status | Not for loan | Home library | Current library | Shelving location | Date of accession | Source of acquisition | Cost, normal purchase price | Total Checkouts | Full call number | Barcode | Date last seen | Date checked out | Copy number | Koha item type |
|---|---|---|---|---|---|---|---|---|---|---|---|---|---|---|---|
| Dewey Decimal Classification | JCC Rouf Library | JCC Rouf Library | General Stacks | 03/01/2021 | Lt. Gen. Mahfuzur Rahman (10th intake) | 255.00 | 3 | 813 JAC 2016 | 16466 | 04/29/2024 | 11/06/2023 | C-1 | Books |